| 000 | 00672nam a2200193Ia 4500 | ||
|---|---|---|---|
| 999 |
_c36430 _d36430 |
||
| 001 | 2344 | ||
| 003 | GE_BSU | ||
| 005 | 20221025103557.0 | ||
| 008 | 181216s||||||||xx |||||||||||||| ||und|| | ||
| 040 | _cGE_BSU | ||
| 080 | _a51(063) | ||
| 245 |
_aAbstracts II international Conference. _bDedicated to the 70th Anniversary of the Georgian National Academy of Sciences. / _cNikoloz Mushelishvili. |
||
| 264 |
_aBatumi, _c2011. |
||
| 300 |
_a162 p.: _b29 cm. |
||
| 653 | _aმათემატიკა | ||
| 653 | _aკონფერენციის მასალები | ||
| 700 |
_aMuskhelishvili, Nikoloz _eრედაქტორი _92009 |
||
| 942 |
_cBK _2udc |
||